| 000 | 00551nam a2200169 a 4500 | ||
|---|---|---|---|
| 008 | 120416s2002 ||||||||||||||||| || u | ||
| 020 | _a0750643315 | ||
| 050 | _aTK 7804 Amo | ||
| 100 | _aAmos, S. W | ||
| 245 | 1 | 0 | _aNewness dictionary of electronics- (4th ed.) |
| 260 |
_aOxford: _bNewnes _c2002 |
||
| 300 | _aix, 389p. : ill. | ||
| 350 | _a0.00 | ||
| 650 | 0 | _aELECTRONICS | |
| 650 | _aELECTRONICS--DICTIONARIES | ||
| 995 |
_D0.00 _FCBU-MAIN LIBRARY (Kitwe) _H1 _I17.95 _M1 _UREFERENCE _ZReference Collection |
||
| 999 |
_c52239 _d52239 |
||